Szczegóły MARC21

Śródziemnomorska kolebka kultury europejskiej /

003 -Nazwa inst., której nr kontr. jest w polu 001 [,]
    • @
    • Nazwa instytucji, której n kontrolny jest w polu 001
    • NUKAT
005 -DATA I CZAS OSTATNIEJ MODYFIKACJI [,]
    • @
    • pole kontrolne
    • 20241231095326.0
020 -Międzynarod. znormalizowany nr książki - ISBN [ , ]
    • a
    • Numer ISBN
    • 9788301150266 Find
040 -Instytucja sporządzająca opis [ , ]
    • a
    • Instytucja, która sporządziła opis (NP)
    • WR O/PC
    • c
    • Instytucja, która sporządziła rekord (NP)
    • WR O/PC
    • d
    • Instytucja, która zmodyfikowała rekord (P)
    • WR O/PCs
    • d
    • Instytucja, która zmodyfikowała rekord (P)
    • WR O/LC
    • d
    • Instytucja, która zmodyfikowała rekord (P)
    • WR U/dl
041 -Język dokumentu [1, ]
    • a
    • Język tekstu (P)
    • polski
    • h
    • Język tekstu oryginalnego i/lub pośredniego (P)
    • angielski
942 -Rodzaj dokumentu [ , ]
    • c
    • Rodzaj dokumentu
    • Książka
100 -Hasło główne - nazwa osobowa [1, ]
    • a
    • Nazwa osobowa (NP)
    • Streeter, Michael.
    • 9
    • KHW
    • 650364
240 -Tytuł ujednolicony [1,0]
    • a
    • Tytuł ujednolicony
    • Mediterranean
    • l
    • Język tekstu
    • (pol.)
    • 9
    • KHW
    • 650366
245 -Strefa tytułu i oznaczenia odpowiedzialności [1,0]
    • a
    • Tytuł
    • Śródziemnomorska kolebka kultury europejskiej / Find
    • c
    • Pozostałe elementy strefy tytułu i oznaczenia odpowiedzialności (NP)
    • Michael Streeter ; [tł. Jacek Sikora].
260 -Strefa adresu wydawniczego [ , ]
    • a
    • Miejsce wydania (P)
    • Warszawa :
    • b
    • Nazwa wydawcy (P)
    • Wydawnictwo Naukowe PWN,
    • c
    • Data wydania (P)
    • cop. 2007.
300 -Strefa opisu fizycznego [ , ]
    • a
    • Określenie formy książki i/lub objętość (NP)
    • 240 s. :
    • b
    • Oznaczenie ilustracji (NP)
    • il. kolor. ;
    • c
    • Format (NP)
    • 31 cm.
336 -Typ zawartości [ , ]
    • a
    • Termin opisujący typ zawartości
    • Tekst
    • b
    • Kod określający zawartość
    • txt
    • 2
    • Źródło (terminu i kodu)
    • rdacontent
337 -Typ mediów [ , ]
    • a
    • Tryb odtwarzania
    • Bez urządzenia pośredniczącego
    • b
    • Kod typu mediów
    • n
    • 2
    • Źródło (terminu i kodu)
    • rdamedia
338 -Typ/rodzaj nośnika [ , ]
    • a
    • Hasło opisujące typ nośnika
    • Wolumin
    • b
    • Kod typu nośnika
    • nc
    • 2
    • Źródło (terminu i kodu)
    • rdacarrier
500 -Uwaga ogólna [ , ]
    • a
    • Uwaga ogólna (NP)
    • Tyt. oryg.: The Mediterranean : cradle of European culture.
504 -Uwaga dot. bibliogr. załącznikowej [ , ]
    • a
    • Uwaga dot. bibliografii załącznikowej
    • Bibliogr. s. 232-233. Indeks.
080 -Uniwersalna Klasyfikacja Dziesiętna [ , ]
    • 2
    • Identyfikator wydania tablic
    • UDC-P058
    • a
    • Symbol klasyfikacji
    • 94(4)
    • b
    • Dopowiedzenie
    • Historia Europy.
    • x
    • Poddział wspólny
    • (262-194.2)
    • b
    • Dopowiedzenie
    • (Region Morza Śródziemnego).
    • x
    • Poddział wspólny
    • (02.025.2)
    • b
    • Dopowiedzenie
    • (Książki bogato ilustrowane).
080 -Uniwersalna Klasyfikacja Dziesiętna [ , ]
    • 2
    • Identyfikator wydania tablic
    • UDC-P058
    • a
    • Symbol klasyfikacji
    • 008
    • b
    • Dopowiedzenie
    • Cywilizacja. Kultura. Postęp.
    • x
    • Poddział wspólny
    • (262-194.2)
    • b
    • Dopowiedzenie
    • (Region Morza Śródziemnego).
    • x
    • Poddział wspólny
    • (02.025.2)
    • b
    • Dopowiedzenie
    • (Książki bogato ilustrowane).
650 -Hasło przedmiotowe [ ,7]
    • a
    • Hasło przedmiotowe
    • Cywilizacja starożytna.
    • 2
    • Źródło terminu
    • kaba
    • 9
    • KHW
    • 105358
651 -Hasło przedmiotowe w formie nazwy geograficznej [ ,7]
    • a
    • Nazwa geograficzna
    • Śródziemne, Morze (region)
    • x
    • Określnik rzeczowy
    • cywilizacja.
    • 2
    • Źródło terminu
    • kaba
    • 9
    • KHW
    • 140707
980 -Symbol UKD [ , ]
    • a
    • UKD
    • 94(4:262-194.2)::008](02.025.2)
700 -Hasło dodatkowe - nazwa osobowa [1, ]
    • a
    • Nazwa osobowa (NP)
    • Sikora, Jacek Find
    • d
    • Daty biograficzne (NP)
    • (1950- ).
    • e
    • Określenie rodzaju współpracy
    • Tł.
    • 9
    • KHW
    • 63708
710 -Hasło dodatkowe - nazwa ciała zbiorowego [2, ]
    • a
    • Nazwa ciała zbiorowego lub nazwa geograficzna jako pierwszy element (NP)
    • Wydawnictwo Naukowe PWN.
    • 4
    • Kod relacji
    • pbl
    • 9
    • KHW
    • 52648
920 -ISBN [ , ]
    • a
    • ISBN
    • 978-83-01-15026-6 Find
Sygnatura Lokalizacja Data inwentaryzacji Status udost. Numer inwentarzowy
Z.110024BG2008-01-151Z.110024
POL. Kultura 01BM2008-01-151P.20802